Online
Catalog

Dibujos de ciego / (Record no. 17845)

MARC details
000 -CABECERA
campo de control de longitud fija 00793cam a2200265 a 4500
001 - NÚMERO DE CONTROL
campo de control 000018324
005 - FECHA Y HORA DE LA ÚLTIMA TRANSACCIÓN
campo de control 20200929165444.0
008 - DATOS DE LONGITUD FIJA--INFORMACIÓN GENERAL
campo de control de longitud fija 711217s1969 mx 000 f spa d
025 ## - NÚMERO DE ADQUISICIÓN EXTRANJERO
Número de adquisición extranjero LACAP69-4931
035 ## - NÚMERO DE CONTROL DEL SISTEMA
Número de control de sistema (DLC) 73439364
035 ## - NÚMERO DE CONTROL DEL SISTEMA
Número de control de sistema (OCoLC)184377
040 ## - FUENTE DE LA CATALOGACIÓN
Centro catalogador/agencia de origen DO-SdBNP
Centro/agencia transcriptor OAU
Centro/agencia modificador OCoLC
-- DLC
-- BNPHU
042 ## - CÓDIGO DE AUTENTICACIÓN
Código de autenticación premarc
082 ## - NÚMERO DE LA CLASIFICACIÓN DECIMAL DEWEY
Número de clasificación G863.4
Número de documento/Ítem C268d
049 ## - FONDOS LOCALES (OCLC)
Fondos de biblioteca BNGR
100 1# - ENTRADA PRINCIPAL--NOMBRE DE PERSONA
Nombre de persona Cardoza y Aragón, Luis,
Fechas asociadas al nombre 1904-1992
9 (RLIN) 39686
245 10 - MENCIÓN DE TÍTULO
Título Dibujos de ciego /
Mención de responsabilidad, etc. Luis Cardoza y Aragón.
260 ## - PUBLICACIÓN, DISTRIBUCIÓN, ETC.
Lugar de publicación, distribución, etc. México :
Nombre del editor, distribuidor, etc. Siglo XXI,
Fecha de publicación, distribución, etc. 1969.
300 ## - DESCRIPCIÓN FÍSICA
Extensión 163 p. ;
Dimensiones 18 cm.
490 1# - MENCIÓN DE SERIE
Mención de serie La Creación literaria
650 #4 - PUNTO DE ACCESO ADICIONAL DE MATERIA--TÉRMINO DE MATERIA
Término de materia o nombre geográfico como elemento de entrada Novela guatemalteca
9 (RLIN) 5392
650 #4 - PUNTO DE ACCESO ADICIONAL DE MATERIA--TÉRMINO DE MATERIA
Término de materia o nombre geográfico como elemento de entrada Literatura guatemalteca
9 (RLIN) 5393
830 #0 - PUNTO DE ACCESO ADICIONAL DE SERIE-TÍTULO UNIFORME
Título uniforme La Creación literaria ;
9 (RLIN) 39687
910 ## - DATOS DE OPCIÓN DEL USUARIO (OCLC)
Datos de opción del usuario Catalogación por derivada / LC
Holdings
Estado de retiro Estado de pérdida Restricciones de uso No para préstamo Código de colección Localización permanente Ubicación/localización actual Ubicación en estantería Fecha de adquisición Número de inventario Total de préstamos Signatura topográfica completa Código de barras Fecha visto por última vez Precio válido a partir de Tipo de ítem Koha
      Excluido de préstamo Monografías: Libros y Folletos General General En catalogación 27.04.2010 LF1   G863.4 C268d 18324-10 25.06.2020 25.06.2020 No se presta

Powered by Koha